US States Without 'T' Minefield Quiz Stats

 Plays Quiz Updated Mar 8, 2020

Support Sporcle.
Go Orange.
Score 0/35 Timer 04:00
5 Plays Today
% Correct
???
95%
???
88.3%
???
87.8%
???
87.6%
???
85.5%
???
85.3%
???
84.9%
???
84.5%
???
83.9%
???
83%
???
82.2%
???
81.6%
???
81.4%
???
81.4%
???
80.4%
???
80.3%
???
80.3%
???
79.4%
% Correct
???
79%
???
78.8%
???
78.7%
???
78.1%
???
77.6%
???
77.5%
???
77.1%
???
76.7%
???
75.8%
???
75%
???
74.5%
???
74.4%
???
74.2%
???
73.9%
???
73.7%
???
71.7%
???
71.7%

From the Vault

One in a Group Blitz - Gaming

by caseyw690

Gaming 2m
It's time to get good, scrub.
Remove Ads.
Support Sporcle.
Get the best of Sporcle when you Go Orange. This ad-free experience offers more features, more stats, and more fun while also helping to support Sporcle. Thank you for becoming a member.

Show Comments

Extras

Top Quizzes Today


Score Distribution

Your Account Isn't Verified!

In order to create a playlist on Sporcle, you need to verify the email address you used during registration. Go to your Sporcle Settings to finish the process.

Report this User

Report this user for behavior that violates our Community Guidelines.

Details: